IFM Opac

POLITICAL IDEOLOGIIES :AN INTRODUCTION (Record no. 15925)

MARC details
000 -LEADER
fixed length control field 00335nam a22001337a 4500
020 ## - INTERNATIONAL STANDARD BOOK NUMBER
International Standard Book Number 0 09 156131 0
082 ## - DEWEY DECIMAL CLASSIFICATION NUMBER
Classification number 320.5POL
245 ## - TITLE STATEMENT
Title POLITICAL IDEOLOGIIES :AN INTRODUCTION
260 ## - PUBLICATION, DISTRIBUTION, ETC.
Place of publication, distribution, etc. LONDON
Name of publisher, distributor, etc. HUTCHINSON
Date of publication, distribution, etc. 1984
300 ## - PHYSICAL DESCRIPTION
Extent 255pg
Other physical details 25cm
500 ## - GENERAL NOTE
General note includes index
700 ## - ADDED ENTRY--PERSONAL NAME
Personal name Richard Jay,V.G. Wilford ,R.
9 (RLIN) 1039
942 ## - ADDED ENTRY ELEMENTS (KOHA)
Koha item type Books
Holdings
Withdrawn status Lost status Damaged status Not for loan Collection code Home library Current library Shelving location Date acquired Total Checkouts Full call number Barcode Date last seen Price effective from Koha item type
        Non-fiction IFM Main Campus Library IFM Main Campus Library Archival Collection 09/08/2021   320.5PAL 0000002222 04/19/2016 02/19/2022 Books